Jacques RIVIÈRE. — La Théodicée de Fénelon. Ses éléments quiétistes. Suivi de Fénelon 1908. Jacques Rivière philosophe par François Trémolières, Paris, Le Félin, 2015, 480 pages. (notice n° 1580315)

détails MARC
000 -LEADER
fixed length control field 01224cam a2200169 4500500
005 - DATE AND TIME OF LATEST TRANSACTION
control field 20251228050257.0
041 ## - LANGUAGE CODE
Language code of text/sound track or separate title fre
042 ## - AUTHENTICATION CODE
Authentication code dc
100 10 - MAIN ENTRY--PERSONAL NAME
Personal name Salin, Dominique
Relator term author
245 00 - TITLE STATEMENT
Title Jacques RIVIÈRE. — La Théodicée de Fénelon. Ses éléments quiétistes. Suivi de Fénelon 1908. Jacques Rivière philosophe par François Trémolières, Paris, Le Félin, 2015, 480 pages.
260 ## - PUBLICATION, DISTRIBUTION, ETC.
Date of publication, distribution, etc. 2017.<br/>
500 ## - GENERAL NOTE
General note 72
520 ## - SUMMARY, ETC.
Summary, etc. Le passage du polythéisme au christianisme n’est pas pour Hegel une guerre des dieux mais un passage véritablement dialectique. Le polythéisme n'a en effet rien d’une fantaisie ou d’une esthétique arbitraire. Il est au contraire produit par le monothéisme présent en lui.
520 ## - SUMMARY, ETC.
Summary, etc. For Hegel, the transition from polytheism to Christianity is not a war between gods but a genuinely dialectical movement. Indeed, polytheism is neither a whimsical fantasy nor an arbitrary aesthetic. On the contrary, it is produced by the monotheism which is present within.
786 0# - DATA SOURCE ENTRY
Note Archives de philosophie | 80 | 2 | 2017-04-14 | p. 393a-397a | 0003-9632
856 41 - ELECTRONIC LOCATION AND ACCESS
Uniform Resource Identifier <a href="https://shs.cairn.info/revue-archives-de-philosophie-2017-2-page-393a?lang=fr&redirect-ssocas=7080">https://shs.cairn.info/revue-archives-de-philosophie-2017-2-page-393a?lang=fr&redirect-ssocas=7080</a>

Pas d'exemplaire disponible.

PLUDOC

PLUDOC est la plateforme unique et centralisée de gestion des bibliothèques physiques et numériques de Guinée administré par le CEDUST. Elle est la plus grande base de données de ressources documentaires pour les Étudiants, Enseignants chercheurs et Chercheurs de Guinée.

Adresse

627 919 101/664 919 101

25 boulevard du commerce
Kaloum, Conakry, Guinée

Réseaux sociaux

Powered by Netsen Group @ 2025